00435nam a2200169Ia 4500003000400000008004100004040001600045082002100061100001700082245005800099260003900157300000800196650001500204650001300219650001000232650002300242GCL140319s9999 xx 000 0 eng d aGCL / cGCL04aCHb823.087bV J1 aVERNE, JULES10aA JOURNEY TO THE CENTRE OF THE EARTH / cVERNE, JULES a[S.N] : bPETER HODDOCK PUBLISHING a22404aLITERATURE04aCHILDREN04aTALES04aCHILDREN - STORIES